Nietzsche and the political / (Record no. 403)
[ view plain ]
| 000 -LEADER | |
|---|---|
| fixed length control field | 00564cam a2200193 a 4500 |
| 001 - CONTROL NUMBER | |
| control field | 3051167 |
| 005 - DATE AND TIME OF LATEST TRANSACTION | |
| control field | 20240216005309.0 |
| 008 - FIXED-LENGTH DATA ELEMENTS--GENERAL INFORMATION | |
| fixed length control field | 960327s1996 enk b 001 0 eng |
| 020 ## - INTERNATIONAL STANDARD BOOK NUMBER | |
| ISBN | 0415100682 (hbk) |
| 020 ## - INTERNATIONAL STANDARD BOOK NUMBER | |
| ISBN | 0415100690 (pbk.) |
| 040 ## - CATALOGING SOURCE (பட்டியலாக்க மூலம்) | |
| Original cataloging agency | DLC |
| Transcribing agency | DLC |
| Modifying agency | DLC |
| 082 00 - DDC Classification | |
| Class No. | 320.01 |
| DDC Edition Number | 20 |
| Item Number - Author Mark | NIE. |
| 100 1# - MAIN ENTRY--PERSONAL NAME | |
| Personal name | Conway, Daniel W. |
| 245 10 - TITLE STATEMENT | |
| Title | Nietzsche and the political / |
| Statement of responsibility, etc. | Daniel W. Conway. |
| 260 ## - PUBLICATION, DISTRIBUTION, ETC. | |
| Place of publication, distribution, etc. | London ; |
| -- | New York : |
| Name of publisher, distributor, etc. | Routledge, |
| Date of publication, distribution, etc. | 1997. |
| 300 ## - PHYSICAL DESCRIPTION | |
| Extent (e.g. Volumes, Pages etc.) | xii, 163 p. ; |
| 856 42 - ELECTRONIC LOCATION AND ACCESS | |
| Uniform Resource Identifier | <a href="http://www.loc.gov/catdir/enhancements/fy0648/96007867-d.html">http://www.loc.gov/catdir/enhancements/fy0648/96007867-d.html</a> |
| 942 ## - Koha item type (Biblio) | |
| Koha item type | Books in Stacks (Lending) |
| Lost status | Damaged status | Collection code | Home library | Current library | Date acquired | Full call number | Accession Number | Item type |
|---|---|---|---|---|---|---|---|---|
| Lending | WERC Library | WERC Library | 02/16/2024 | 320.01 NIE. | 2437 | Books in Stacks (Lending) |
